Flower names by picture - Statistics

General Stats
  • This quiz has been taken 35 times
  • The average score is 9 of 12
Answer Stats
Picture Answer % Correct
Rose
100%
Sunflower
100%
Tulip
97%
Cherry Blossom
93%
Lavender
86%
Orchid
86%
Daisy
83%
Daffodil
66%
Rosemary
66%
Pansy
55%
Dahlia
48%
Queen Anne's lace
24%
No matching quizzes found
Score Distribution
Percent of People with Each Score
Percentile by Number Answered
Your Score History
You have not taken this quiz